000 00913cam a2200265 a 4500
999 _c609
_d609
001 1948
003 BD-DhUAP
005 20200125154438.0
008 200125s1991 caua b 001 0 eng
020 _a0803942192
020 _a0803942206 (pbk.)
040 _aDLC
_cDLC
_dBD-DhUAP
082 0 0 _a302.072 MIL
_223
100 1 _aMiller, Delbert Charles.
245 1 0 _aHandbook of research design and social measurement /
_cDelbert C. Miller.
250 _a5th ed.
260 _aNewbury Park, Calif. :
_bSage Publications,
_cc1991.
300 _axiv, 704 pages :
_billustrations ;
_c27 cm.
504 _aIncludes bibliographical references and index.
650 0 _aSocial sciences
_xResearch.
650 0 _aSociometry.
906 _a7
_bcbc
_corignew
_d1
_eocip
_f19
_gy-gencatlg
942 _2ddc
_cBK